| 000 | 00932cam a22003137a 4500 | ||
|---|---|---|---|
| 003 | CHAP | ||
| 005 | 20220817043549.0 | ||
| 008 | 990730d1995 it rn 00110 eng d | ||
| 010 | _a78619 | ||
| 011 | _a79591 | ||
| 020 | _a9251037132 | ||
| 035 | _a89924 | ||
| 040 | _cCHAP | ||
| 090 | _aFolleto 15443 | ||
| 110 | 2 | _aFAO | |
| 245 | 1 | 0 |
_aPotatoes in the 1990s : _bsituation and prospects of the world potato economy _c/by FAO |
| 260 |
_aRome : _bFAO, _c1995. |
||
| 300 | _a39 p. | ||
| 590 |
_aBATCH-UPD _b10 _c20130110 _lUCH01 _h1327 |
||
| 590 |
_aBATCH-UPD _b10 _c20130410 _lUCH01 _h0833 |
||
| 590 |
_aBATCH-UPD _b10 _c20130914 _lUCH01 _h1859 |
||
| 590 |
_aCONVERSION _b10 _c20130109 _lUCH01 _h1344 |
||
| 650 | 1 | 4 |
_aPapa _xAspectos económicos. _985173 |
| 650 | 1 | 4 |
_aPapa _xRendimiento. _985284 |
| 901 | _aBK | ||
| 905 | _aLilia Sánchez G. | ||
| 942 | _cFOLL | ||
| 949 |
_aFolleto 15443 _bBC _cFAO _d899241 _eFAO1 _i89924 _kDonaciØn _sb |
||
| 999 |
_c78619 _d78619 |
||